| 000 | 00609nam a2200241Ia 4500 | ||
|---|---|---|---|
| 008 | 160803s9999 xx 000 0 und d | ||
| 020 | _a059048379X | ||
| 100 | _aCannon, Janell | ||
| 245 | _aStellaluna / | ||
| 245 | _cJanell Cannon. | ||
| 260 | _aNew York : | ||
| 260 | _bScholastic Inc. | ||
| 260 | _c1993 | ||
| 300 | _a48 unnumbered pages : | ||
| 300 | _bcolor illustrations ; | ||
| 300 | _c26 cm | ||
| 500 | _aOriginally published: Orlando, Florida : Harcourt, Inc., c1993. | ||
| 650 | _aBats -- | ||
| 650 | _aBirds -- | ||
| 650 | _xFiction. | ||
| 650 | _xFiction. | ||
| 700 | _a550 | ||
| 999 |
_c298837 _d298837 |
||